000 01370nam a2200325Ia 4500
001 ebr10326199
003 CaPaEBR
006 m u
007 cr cn|||||||||
008 080904s2009 mau sb 001 0 eng d
010 _z 2008039040
020 _z9780262012720 (hardcover : alk. paper)
040 _aCaPaEBR
_cCaPaEBR
035 _a(OCoLC)456291729
050 1 4 _aQC794.98
_b.B325 2009eb
100 1 _aBadash, Lawrence.
245 1 2 _aA nuclear winter's tale
_h[electronic resource] :
_bscience and politics in the 1980s /
_cLawrence Badash.
260 _aCambridge, MA :
_bMIT Press,
_cc2009.
300 _axiii, 403 p.
490 0 _aTransformations, studies in the history of science and technology
504 _aIncludes bibliographical references and index.
533 _aElectronic reproduction.
_bPalo Alto, Calif. :
_cebrary,
_d2009.
_nAvailable via World Wide Web.
_nAccess may be limited to ebrary affiliated libraries.
650 0 _aRadioactivity
_xHistory
_y20th century.
650 0 _aClimatic changes
_xHistory
_y20th century.
650 0 _aScience
_xHistory
_y20th century.
650 0 _aScience and state
_xHistory
_y20th century.
655 7 _aElectronic books.
_2local
710 2 _aebrary, Inc.
856 4 0 _uhttp://site.ebrary.com/lib/rucke/Doc?id=10326199
_zAn electronic book accessible through the World Wide Web; click to view
999 _c160866
_d160866